000 nam a22 7a 4500
999 _c9040
_d9040
008 180122b ||||| |||| 00| 0 eng d
100 _aMajraj A
_95331
245 _aMake me Genious - III
260 _aNew Delhi
_bAngel Publication
_c2015